000 00473 a2200157 4500
082 _a510
_bW151m
100 _aWalker, Helen Mary, 1891-
_918943
245 _aMathematics essential for elementary statistics: a self-teaching manual
260 _aNew York
_bHenry Holt
_c1934
300 _axiii,246p. illus.
650 _aMathematical statistics
650 _aStatistical mathematics
_95328
650 _aTeaching guides
_96164
653 _aMathematics
942 _2ddc
_cGEN
999 _c58766
_d58755